<?xml version="1.0" encoding="UTF-8"?>
<record
    xmlns:xsi="http://www.w3.org/2001/XMLSchema-instance"
    xsi:schemaLocation="http://www.loc.gov/MARC21/slim http://www.loc.gov/standards/marcxml/schema/MARC21slim.xsd"
    xmlns="http://www.loc.gov/MARC21/slim">

  <leader>01075nam0a2200325 i 4500</leader>
  <controlfield tag="001">RU\NLR\BIBL_A\010193730</controlfield>
  <controlfield tag="005">20240921121212.0</controlfield>
  <datafield tag="010" ind1=" " ind2=" ">
    <subfield code="a">9785949622421</subfield>
  </datafield>
  <datafield tag="021" ind1=" " ind2=" ">
    <subfield code="a">RU</subfield>
    <subfield code="b">2014-56573</subfield>
    <subfield code="9">3417</subfield>
  </datafield>
  <datafield tag="021" ind1=" " ind2=" ">
    <subfield code="a">RU</subfield>
    <subfield code="b">2013-103701</subfield>
    <subfield code="9">7202</subfield>
  </datafield>
  <datafield tag="035" ind1=" " ind2=" ">
    <subfield code="a">(NILC)RuMoRGB-006720537</subfield>
  </datafield>
  <datafield tag="035" ind1=" " ind2=" ">
    <subfield code="a">(NLR Aleph) 010193730</subfield>
  </datafield>
  <datafield tag="090" ind1=" " ind2=" ">
    <subfield code="a">10210815</subfield>
    <subfield code="c">10210815</subfield>
  </datafield>
  <datafield tag="100" ind1=" " ind2=" ">
    <subfield code="a">20140221d2013    um y0rusy50      ca</subfield>
  </datafield>
  <datafield tag="101" ind1="0" ind2=" ">
    <subfield code="a">rus</subfield>
  </datafield>
  <datafield tag="102" ind1=" " ind2=" ">
    <subfield code="a">RU</subfield>
  </datafield>
  <datafield tag="105" ind1=" " ind2=" ">
    <subfield code="a">a|||z||||00ay</subfield>
  </datafield>
  <datafield tag="200" ind1="1" ind2=" ">
    <subfield code="a">&#x413;&#x434;&#x435; &#x432;&#x430;&#x43B;&#x44F;&#x44E;&#x442;&#x441;&#x44F; &#x43F;&#x43E;&#x446;&#x435;&#x43B;&#x443;&#x438;</subfield>
    <subfield code="e">&#x440;&#x43E;&#x43C;&#x430;&#x43D;</subfield>
    <subfield code="f">&#x420;&#x438;&#x43D;&#x430;&#x442; &#x412;&#x430;&#x43B;&#x438;&#x443;&#x43B;&#x43B;&#x438;&#x43D;</subfield>
  </datafield>
  <datafield tag="210" ind1=" " ind2=" ">
    <subfield code="a">&#x421;&#x430;&#x43D;&#x43A;&#x442;-&#x41F;&#x435;&#x442;&#x435;&#x440;&#x431;&#x443;&#x440;&#x433;</subfield>
    <subfield code="c">&#x410;&#x43D;&#x442;&#x43E;&#x43B;&#x43E;&#x433;&#x438;&#x44F;</subfield>
    <subfield code="d">2013</subfield>
    <subfield code="d">(&#x43C;&#x430;&#x43A;&#x435;&#x442; 2014)</subfield>
  </datafield>
  <datafield tag="215" ind1=" " ind2=" ">
    <subfield code="a">221, [1] &#x441;.</subfield>
    <subfield code="c">&#x438;&#x43B;.</subfield>
    <subfield code="d">19</subfield>
  </datafield>
  <datafield tag="675" ind1=" " ind2=" ">
    <subfield code="a">821.161.1-31</subfield>
  </datafield>
  <datafield tag="686" ind1="2" ind2=" ">
    <subfield code="a">&#x428;6(2=&#x420;)8-440.4</subfield>
  </datafield>
  <datafield tag="700" ind1=" " ind2="1">
    <subfield code="7">ca</subfield>
    <subfield code="8">rus</subfield>
    <subfield code="a">&#x412;&#x430;&#x43B;&#x438;&#x443;&#x43B;&#x43B;&#x438;&#x43D;</subfield>
    <subfield code="b">&#x420;. &#x420;.</subfield>
    <subfield code="f">1969-</subfield>
    <subfield code="g">&#x420;&#x438;&#x43D;&#x430;&#x442; &#x420;&#x438;&#x444;&#x43E;&#x432;&#x438;&#x447;</subfield>
    <subfield code="9">159534</subfield>
    <subfield code="3">RU\NLR\AUTH\770159575</subfield>
  </datafield>
  <datafield tag="801" ind1=" " ind2="0">
    <subfield code="a">RU</subfield>
    <subfield code="b">RuMoRKP</subfield>
    <subfield code="c">20131219</subfield>
    <subfield code="g">RCR</subfield>
  </datafield>
  <datafield tag="801" ind1=" " ind2="2">
    <subfield code="a">RU</subfield>
    <subfield code="b">&#x420;&#x413;&#x411;</subfield>
    <subfield code="c">20140122</subfield>
    <subfield code="g">rcr</subfield>
  </datafield>
  <datafield tag="942" ind1=" " ind2=" ">
    <subfield code="c">BOOK</subfield>
  </datafield>
  <datafield tag="980" ind1=" " ind2=" ">
    <subfield code="a">NBR</subfield>
  </datafield>
</record>
